01186nam a22002537a 4500003000900000005001700009008003800026020001900064040002600083100003000109242005600139245005700195260006000252300002100312490001900333500007100352590002900423830002500452942001400477952013800491952014300629952014300772999001700915DO-SdBNP20210720114844.0210720b 2018 pr 00| 0 eng d a9789945608120  aDO-SdBNPbspacBNPHU 1 aPlanchart, Orlando97930610aLa última sonrisa /cOrlando Planchart Márquez.10a La última sonrisa /cOrlando Planchart Márquez. aSan Juan, Puerto Rico : b Isla Negra Editores, c2018. a69 p. ;c16 cm.  aFilo de juego  aIncluye datos biográficos del autor en la solapa de la cubierta. aInventariado, 2021 /LP  aFilo de juego 91014 2ddccLBS1 00102ddc51708GRaBNPHUbBNPHUcHDd2021-07-20eEditora BúhooBNPHU GR Ve861.44 P699up2021-25264r2021-07-20w2021-07-20yLBS1 00102ddc56708GRaBNPHUbBNPHUcHDd2021-07-20eEditora BúhooBNPHU GR Ve861.44 P699u p2021-25265r2021-07-20te.2w2021-07-20yLBS1 00102ddc56708GRaBNPHUbBNPHUcHDd2021-07-20eEditora BúhooBNPHU GR Ve861.44 P699u p2021-25266r2021-07-20te.3w2021-07-20yLBS1 c50147d50147